000 00262nam a2200097Ia 4500
001 1252973
005 20251031150944.0
008 251031s9999 xx 000 0 und d
245 0 _cMUSTAFA ORAKÇI
_aV-11 LEVENT MEZARLIKTAKİ HAYALET
260 _bTİMAŞ YAYINLARI
999 _c1252973
_d1252973